000 01465nam a2200337 a 4500
001 59029
003 BD-RjUL
005 20211209080703.0
008 161220s1993 bg b 100 0 eng
035 _a(BD-RjUL)59153
040 _aDLC
_cDLC
_dDLC
_beng
041 _aeng
082 0 0 _a973.92
_223
_bNAA
111 2 _aNational Conference of Bangladesh Society for American Studies
_d(1993 :
_cRajshahi University)
_9175562
245 1 0 _aAmerican studies in the context of democracy, economy, and environment :
_bproceedings of second Bi-ennial National Conference /
_cedited by Ameeruz Zaman Khan.
260 _aBangladesh :
_bBangladesh Society for American Studies,
_c1993.
300 _axx, 45 p. ;
_c24 cm.
504 _aIncludes bibliographical references.
650 0 _aCold War
_xCongresses.
_9175563
650 0 _aPrivatization
_zUnited States
_xCongresses.
_9175564
650 0 _aPrivatization
_zBangladesh
_xCongresses.
_9175565
650 0 _aIndividualism
_zUnited States
_xCongresses.
_9175566
651 0 _aUnited States
_xCivilization
_y1970-
_xCongresses.
_9175567
651 0 _aUnited States
_xForeign relations
_y1989-
_xCongresses.
_9175568
651 0 _aUnited States
_xEnvironmental conditions
_xCongresses.
_9175569
651 0 _aBangladesh
_xEnvironmental conditions
_xCongresses.
_9175570
700 1 _aKhan, Ameeruz Zaman.
_9175571
710 2 _aBangladesh Society for American Studies.
_9175572
942 _2ddc
_cBK
999 _c59029
_d59029